[Event "Principal 2017/2018"]
[Site "Vitrolles"]
[Date "2018.01.20"]
[Round "5"]
[White "Mamah, Isabelle"]
[Black "Girard, Jean-Pierre"]
[Result "1-0"]
[WhiteElo "1822"]
[BlackElo "1802"]
[PlyCount "87"]

1. e4 c5 2. c3 Nf6 3. e5 Nd5 4. d4 cxd4 5. Nf3 e6 6. cxd4 d6 7. Bc4 Nb6 8. Bd3
Nc6 9. O-O Be7 10. Nc3 dxe5 11. dxe5 O-O 12. a3 Nd5 13. Ne4 f5 14. exf6 Nxf6
15. Nxf6+ Bxf6 16. Qc2 h6 17. Rd1 Bd7 18. Qe2 Qe7 19. Qe4 g5 20. Be3 Qg7 21.
Rac1 Rad8 22. b4 g4 23. Ne1 Bc8 24. Bb1 Nd4 25. Bd3 e5 26. Bxd4 exd4 27. Qe2 h5
28. Rc5 Rde8 29. Qc2 Be5 30. Bg6 Rd8 31. Bxh5 Bf5 32. Qe2 Bxh2+ 33. Kxh2 Qh6
34. Kg1 Qxh5 35. Qc4+ Qf7 36. Qc1 Bg6 37. Qd2 g3 38. Nf3 gxf2+ 39. Qxf2 Qf4 40.
Qa2+ Kh8 41. Re5 Qg4 42. Rg5 Qe4 43. Re1 Qc6 44. Ne5 1-0

[Event "Principal 2017/2018"]
[Site "Vitrolles"]
[Date "2018.02.03"]
[Round "6"]
[White "Anton, Jose"]
[Black "Auroux, William"]
[Result "0-1"]
[WhiteElo "1875"]
[BlackElo "1905"]
[PlyCount "44"]

1. e4 g6 2. d4 Bg7 3. Nc3 d6 4. Bg5 a6 5. f4 b5 6. Nf3 Bb7 7. Bd3 Nd7 8. O-O c5
9. d5 b4 10. Na4 Qa5 11. c3 Nb6 12. Bc2 Nf6 13. Nxb6 Qxb6 14. Ba4+ Kf8 15. Qe2
h6 16. Bxf6 Bxf6 17. e5 Bg7 18. c4 Kg8 19. e6 f5 20. Nh4 Kh7 21. g4 Bf6 22. Qf2
Bd4 0-1

[Event "Principal 2017/2018"]
[Site "Vitrolles"]
[Date "2018.02.03"]
[Round "6"]
[White "Baroyan, Davit"]
[Black "Muhajiz, Gibran"]
[Result "1-0"]
[WhiteElo "2024"]
[BlackElo "1950"]
[PlyCount "43"]

1. e4 c5 2. Nf3 Nc6 3. d4 cxd4 4. Nxd4 Nf6 5. Nc3 e5 6. Ndb5 d6 7. Bg5 a6 8.
Na3 b5 9. Nd5 Be7 10. Bxf6 Bxf6 11. c3 Ne7 12. Nc2 Nxd5 13. Qxd5 Ra7 14. a4
bxa4 15. Rxa4 O-O 16. Bc4 Bb7 17. Qd3 Qd7 18. b3 Qg4 19. Ne3 Qxe4 20. Bxf7+
Rxf7 21. Rxe4 Bxe4 22. Qxe4 1-0

[Event "Principal 2017/2018"]
[Site "Vitrolles"]
[Date "2018.02.03"]
[Round "6"]
[White "Derige Kane, Yan"]
[Black "Mamah, Isabelle"]
[Result "0-1"]
[WhiteElo "2109"]
[BlackElo "1856"]
[PlyCount "120"]

1. d4 Nf6 2. c4 g6 3. Nc3 d5 4. Bf4 c6 5. e3 Bg7 6. Nf3 a6 7. h3 O-O 8. Qb3
dxc4 9. Bxc4 b5 10. Bd3 Nbd7 11. O-O c5 12. Qc2 Bb7 13. Ne5 c4 14. Be2 Nxe5 15.
Bxe5 Rc8 16. Rfd1 e6 17. Rd2 Nd5 18. Bxg7 Kxg7 19. Nxd5 Bxd5 20. e4 Ba8 21.
Rad1 Qf6 22. Bf3 Rfd8 23. Qc3 Kg8 24. Qa5 Bb7 25. Qb4 Qf4 26. Re2 Rd7 27. Qc3
Rcd8 28. g3 Qf6 29. Red2 b4 30. Qe3 a5 31. Bg2 Qe7 32. Rc1 Rc8 33. Rdc2 Rdc7
34. Bf1 b3 35. Rc3 bxa2 36. Ra1 Qb4 37. Rxa2 Qb6 38. b3 cxb3 39. Rxb3 Qc6 40.
Bg2 a4 41. Rb4 Ra8 42. Qa3 Rcc8 43. Rxa4 Rxa4 44. Qxa4 Qc1+ 45. Kh2 Qe1 46. d5
exd5 47. exd5 Rc1 48. g4 Bxd5 49. Rc2 Qg1+ 50. Kg3 Qxg2+ 51. Kh4 Rxc2 52. Qxc2
Qe4 53. Qc8+ Kg7 54. Qc3+ f6 55. Qc7+ Bf7 56. Qc3 g5+ 57. Kg3 Bd5 58. f3 Qe5+
59. Qxe5 fxe5 60. Kf2 Kf6 0-1

[Event "Principal 2017/2018"]
[Site "Vitrolles"]
[Date "2018.02.03"]
[Round "6"]
[White "Busson, Benoist"]
[Black "Girard, Jean-Pierre"]
[Result "0-1"]
[WhiteElo "1907"]
[BlackElo "1801"]
[PlyCount "154"]

1. e4 c5 2. Nf3 Nc6 3. Nc3 e6 4. Bb5 Nd4 5. O-O Nxb5 6. Nxb5 a6 7. Nc3 d6 8. d4
cxd4 9. Nxd4 Nf6 10. Kh1 Be7 11. f4 Qc7 12. Qe2 b5 13. e5 Nd7 14. exd6 Qxd6 15.
Be3 Bb7 16. Rad1 Qc7 17. f5 e5 18. Nf3 f6 19. Nd5 Bxd5 20. Rxd5 O-O 21. Qd3
Rfd8 22. Rd1 Nb6 23. Bxb6 Qxb6 24. Qb3 Kf8 25. a4 Rxd5 26. Rxd5 Rd8 27. axb5
axb5 28. h3 b4 29. Qc4 Rxd5 30. Qxd5 Qd6 31. Qxd6 Bxd6 32. Nd2 Ke7 33. Ne4 Kd7
34. Kg1 Kc6 35. Kf2 Be7 36. Ke3 g5 37. Kd3 Kd5 38. c4+ bxc3 39. bxc3 h5 40. g3
Bd8 41. c4+ Kc6 42. Kc3 Be7 43. Kb3 Bd8 44. Ka4 Be7 45. Ka5 Bd8+ 46. Ka6 Be7
47. g4 h4 48. Ka7 Kc7 49. Ka6 Kc6 50. Ka5 Bd8+ 51. Kb4 Be7+ 52. Kb3 Kb6 53. Nc3
Kc5 54. Nd5 Bd8 55. Kc3 e4 56. Kb3 Kd4 57. Kc2 Kxc4 58. Ne3+ Kd4 59. Kd2 Bb6
60. Ke2 Bc5 61. Nd1 Ke5 62. Nc3 Bd4 63. Nb5 Bb6 64. Nc3 Ba5 65. Nb5 Kf4 66. Nd6
Bc7 67. Nb5 Be5 68. Kf2 e3+ 69. Ke2 Kg3 70. Kxe3 Kxh3 71. Kf3 Kh2 72. Na7 Kg1
73. Nc6 h3 74. Nxe5 fxe5 75. f6 h2 76. Ke4 h1=Q+ 77. Kxe5 Qf3 0-1

[Event "Principal 2017/2018"]
[Site "Vitrolles"]
[Date "2018.02.03"]
[Round "6"]
[White "Mars, Theo"]
[Black "Bohli, Adam"]
[Result "1-0"]
[WhiteElo "1707"]
[BlackElo "1905"]
[PlyCount "57"]

1. c4 e5 2. g3 Nc6 3. Bg2 f5 4. d3 Nf6 5. Nc3 Bb4 6. Bd2 O-O 7. a3 Bxc3 8. Bxc3
d5 9. cxd5 Nxd5 10. Qb3 Be6 11. Qxb7 Qd6 12. Nf3 Rfb8 13. Qa6 Rb6 14. Qa4 Nxc3
15. bxc3 e4 16. Nd4 Nxd4 17. Qxd4 Qxd4 18. cxd4 Rd8 19. dxe4 fxe4 20. e3 Bd5
21. O-O Rdb8 22. Rfc1 c6 23. Rc3 Rb2 24. Rac1 Ra2 25. Bh3 Rbb2 26. Rf1 Rb3 27.
Rxb3 Bxb3 28. Rc1 Ba4 29. Be6+ 1-0

[Event "Principal 2017/2018"]
[Site "Vitrolles"]
[Date "2018.02.17"]
[Round "7"]
[White "Bohli, Adam"]
[Black "Anton, Jose"]
[Result "1/2-1/2"]
[WhiteElo "1905"]
[BlackElo "1875"]
[PlyCount "119"]

1. g3 e5 2. Bg2 Nc6 3. b3 Bc5 4. Bb2 d6 5. e3 Nf6 6. d4 exd4 7. exd4 Bb6 8. Ne2
O-O 9. h3 Re8 10. O-O Bf5 11. a4 a6 12. Na3 d5 13. c3 Qd7 14. Kh2 Be4 15. f3
Bg6 16. Nf4 Bf5 17. g4 Qd6 18. Bc1 g5 19. gxf5 Nh5 20. c4 Bxd4 21. cxd5 Nxf4
22. Nc4 Qf6 23. Bxf4 gxf4 24. dxc6 Bxa1 25. cxb7 Rab8 26. Qxa1 Qxf5 27. Rg1 f6
28. Qb1 Qxb1 29. Rxb1 Rxb7 30. Na5 Rb6 31. Rc1 Re5 32. Nc4 Rc5 33. Rc3 Re6 34.
b4 Rcc6 35. Bf1 Re1 36. Bd3 Re3 37. Ra3 Rxd3 38. Rxd3 Rxc4 39. Rb3 Kf7 40. h4
Ke6 41. Kh3 f5 42. a5 Kd5 43. b5 axb5 44. Rxb5+ Rc5 45. Rb7 Kc6 46. a6 Ra5 47.
Rb8 Rxa6 48. Rh8 Kd5 49. Rxh7 c5 50. Rf7 Ke5 51. Rc7 Kd4 52. h5 c4 53. Kh4 c3
54. Kg5 Kd3 55. Kxf4 Rh6 56. Kg5 Rh8 57. Rd7+ Ke2 58. Rc7 Kd2 59. Rd7+ Ke3 60.
Rc7 1/2-1/2

[Event "Principal 2017/2018"]
[Site "Vitrolles"]
[Date "2018.02.17"]
[Round "7"]
[White "Auroux, William"]
[Black "Busson, Benoist"]
[Result "0-1"]
[WhiteElo "1905"]
[BlackElo "1907"]
[PlyCount "82"]

1. c4 e5 2. g3 Nc6 3. Bg2 f5 4. d3 Bb4+ 5. Bd2 Bxd2+ 6. Nxd2 Nf6 7. Ngf3 O-O 8.
O-O Qe8 9. a3 a5 10. b3 d6 11. Rb1 Qh5 12. e3 f4 13. exf4 exf4 14. b4 axb4 15.
axb4 Bg4 16. b5 Nd4 17. Rb2 Ra3 18. h3 Nxf3+ 19. Nxf3 Bxh3 20. Qd2 fxg3 21.
fxg3 Ng4 22. Nh4 Rxf1+ 23. Bxf1 Ra1 24. Ng2 Qc5+ 25. d4 Qxc4 26. Qe2 Qxd4+ 27.
Kh1 Rxf1+ 28. Qxf1 Qxb2 29. Qc4+ Kh8 30. Qf1 Bxg2+ 31. Qxg2 Qxg2+ 32. Kxg2 Ne5
33. Kf2 c6 34. bxc6 bxc6 35. Ke3 g6 36. Kd4 Kg7 37. Ke3 Kf6 38. Kd4 h5 39. Ke3
Kf5 40. Kf2 Kg4 41. Kg2 c5 0-1

[Event "Principal 2017/2018"]
[Site "Vitrolles"]
[Date "2018.02.17"]
[Round "7"]
[White "Muhajiz, Gibran"]
[Black "Mars, Theo"]
[Result "1-0"]
[WhiteElo "1950"]
[BlackElo "1707"]
[PlyCount "42"]

1. d4 b6 2. e4 e6 3. Bd3 Bb7 4. Nf3 Nf6 5. Qe2 Be7 6. O-O O-O 7. e5 Ne8 8. c4
c5 9. Nc3 d6 10. d5 exd5 11. cxd5 dxe5 12. Nxe5 Nd6 13. Re1 Re8 14. Qf3 Bf6 15.
Bf4 Na6 16. Qh3 g6 17. Bxa6 Bxa6 18. Nc6 Rxe1+ 19. Rxe1 Qf8 20. Qd7 Nc4 21. Ne4
Nxb2 1-0

[Event "Principal 2017/2018"]
[Site "Vitrolles"]
[Date "2018.02.17"]
[Round "7"]
[White "Mamah, Isabelle"]
[Black "Baroyan, Davit"]
[Result "1/2-1/2"]
[WhiteElo "1856"]
[BlackElo "2024"]
[PlyCount "131"]

1. e4 c5 2. Nc3 e6 3. f4 Nc6 4. Nf3 Nge7 5. Bb5 d6 6. O-O g6 7. Qe1 Bg7 8. f5
exf5 9. Bxc6+ bxc6 10. d3 O-O 11. Qh4 fxe4 12. dxe4 Ba6 13. Rd1 Nc8 14. Bg5 f6
15. Be3 f5 16. Bg5 Bf6 17. e5 Bxg5 18. Nxg5 h5 19. exd6 Nxd6 20. Qf4 Rf6 21.
Qa4 Qb6 22. Qh4 Qxb2 23. Qg3 f4 24. Qf3 Qxc2 25. Rac1 Qf5 26. Nce4 Nxe4 27.
Nxe4 Re6 28. Nxc5 Be2 29. Qb3 Bxd1 30. Qxe6+ Qxe6 31. Nxe6 Ba4 32. Rc4 Bb5 33.
Rxf4 Re8 34. Rf6 Bc4 35. Nf4 Rf8 36. Rxf8+ Kxf8 37. Nxg6+ Kg7 38. Ne5 Bd5 39.
a3 Kf6 40. Nd3 Kf5 41. Kf2 Ke4 42. Nb4 a5 43. Nxd5 cxd5 44. g3 Kd3 45. h3 d4
46. g4 hxg4 47. hxg4 Kc3 48. g5 d3 49. g6 d2 50. g7 d1=Q 51. g8=Q Qd2+ 52. Kf1
Qc1+ 53. Ke2 Qxa3 54. Qg7+ Kb3 55. Qf7+ Kb2 56. Qd7 Qb3 57. Qd4+ Kb1 58. Qg1+
Ka2 59. Qc1 a4 60. Kd2 a3 61. Qc2+ Qb2 62. Kd1 Ka1 63. Qc1+ Qb1 64. Kd2 a2 65.
Kd1 Qxc1+ 66. Kxc1 1/2-1/2

[Event "Principal 2017/2018"]
[Site "Vitrolles"]
[Date "2018.02.17"]
[Round "7"]
[White "Girard, Jean-Pierre"]
[Black "Derige Kane, Yan"]
[Result "0-1"]
[WhiteElo "1801"]
[BlackElo "2109"]
[PlyCount "112"]

1. e4 e5 2. Nf3 Nc6 3. Bb5 a6 4. Ba4 Nf6 5. O-O b5 6. Bb3 Bc5 7. c3 O-O 8. d4
Bb6 9. d5 Ne7 10. Re1 d6 11. Nbd2 Ng6 12. Nf1 Bg4 13. h3 Bd7 14. Bc2 Qc8 15.
Ng3 Bxh3 16. Nf5 Bg4 17. Bg5 Nh5 18. Be3 Bxe3 19. Rxe3 Nhf4 20. Qd2 Qd8 21. g3
Nh3+ 22. Kh2 Ng5 23. Nxg5 Qxg5 24. Rh1 Ne7 25. Nxe7+ Qxe7 26. Bd1 Bxd1 27. Qxd1
f5 28. Kg2 f4 29. Rd3 fxg3 30. Rxg3 Rf6 31. Qh5 g6 32. f3 Raf8 33. Qh4 Qf7 34.
Rhh3 Rf4 35. Qg5 Qf6 36. Qxf6 R4xf6 37. b3 Kg7 38. Rh1 Rc8 39. Rgh3 h5 40. Rg3
Kf7 41. Rgh3 Kg7 42. Rg3 Kh6 43. Rgh3 c6 44. dxc6 Rxc6 45. Rc1 Rf8 46. Rhh1
Rfc8 47. Rhd1 Rxc3 48. Rxc3 Rxc3 49. Rxd6 Rc2+ 50. Kg3 Rxa2 51. Re6 Ra3 52.
Rxe5 Rxb3 53. Re6 a5 54. e5 a4 55. Ra6 Kg5 56. e6 Kf6 0-1

[Event "Principal 2017/2018"]
[Site "Vitrolles"]
[Date "2018.03.24"]
[Round "8"]
[White "Anton, Jose"]
[Black "Muhajiz, Gibran"]
[Result "1-0"]
[WhiteElo "1875"]
[BlackElo "1950"]
[PlyCount "75"]

1. e4 d5 2. exd5 Qxd5 3. Nf3 Nc6 4. Be2 Bg4 5. O-O Nf6 6. d4 O-O-O 7. c3 e5 8.
dxe5 Bxf3 9. Bxf3 Qxe5 10. Qa4 Bd6 11. g3 Nd5 12. Nd2 Nb6 13. Qe4 h5 14. Qxe5
Nxe5 15. Bg2 h4 16. Ne4 Be7 17. Be3 Nbd7 18. Rad1 Ng4 19. Bd4 f5 20. Nd2 hxg3
21. hxg3 c5 22. Rfe1 Bd6 23. Nc4 Bc7 24. Be3 Nge5 25. Nd6+ Bxd6 26. Rxd6 Nc4
27. Rg6 Nxe3 28. Rxe3 Nb6 29. Bf3 Rd2 30. Rxg7 Rxb2 31. Rxb7 Rb1+ 32. Kg2 Rbh1
33. Bc6 R1h2+ 34. Kg1 Nc4 35. Ree7 Na5 36. Rbc7+ Kb8 37. Bf3 f4 38. Rxa7 1-0

[Event "Principal 2017/2018"]
[Site "Vitrolles"]
[Date "2018.03.24"]
[Round "8"]
[White "Mars, Theo"]
[Black "Mamah, Isabelle"]
[Result "0-1"]
[WhiteElo "1707"]
[BlackElo "1856"]
[PlyCount "118"]

1. c4 Nf6 2. Nc3 g6 3. g3 Bg7 4. Bg2 c5 5. e4 d6 6. Nge2 Nc6 7. d3 O-O 8. O-O
Bg4 9. h3 Bd7 10. f4 Qc8 11. Kh2 Rb8 12. Be3 a6 13. d4 cxd4 14. Nxd4 Nxd4 15.
Bxd4 Qxc4 16. e5 Ne8 17. Nd5 e6 18. Rc1 Qb5 19. Ne7+ Kh8 20. exd6 Qa4 21. Bxg7+
Kxg7 22. Rc7 Nxc7 23. Qxa4 Bxa4 24. dxc7 Rbe8 25. Bxb7 Rxe7 26. c8=Q Rxc8 27.
Bxc8 Rc7 28. Bxa6 Rc2+ 29. Kg1 Rxb2 30. Rf2 Rb6 31. Bd3 Rc6 32. Rd2 Rc3 33. Kf2
Bc6 34. Ke3 Bd5 35. Kf2 Ra3 36. Bb1 {(=)} Rf3+ 37. Ke2 Rxg3 38. a4 Rxh3 39. Bd3
Bf3+ 40. Kf2 Bc6 41. a5 Rf3+ 42. Ke2 Rxf4 43. Ra2 Rh4 44. Ke3 e5 45. Be2 Bd5
46. Rd2 Bc4 47. Bxc4 Rxc4 48. Ra2 Rc7 49. a6 Ra7 50. Ke4 Kf6 51. Ra5 Ke6 52.
Rxe5+ Kd6 53. Ra5 Kc6 54. Kf4 Kb6 55. Ra1 Rxa6 56. Rh1 h5 57. Kg5 Kc5 58. Rd1
Rd6 59. Rf1 Rd5+ 0-1

[Event "Principal 2017/2018"]
[Site "Vitrolles"]
[Date "2018.03.24"]
[Round "8"]
[White "Busson, Benoist"]
[Black "Derige Kane, Yan"]
[Result "0-1"]
[WhiteElo "1907"]
[BlackElo "2109"]
[PlyCount "88"]

1. e4 e5 2. d4 exd4 3. c3 Qe7 4. cxd4 Qxe4+ 5. Be3 Bb4+ 6. Nc3 Nf6 7. Nf3 Nd5
8. Qd2 Qe7 9. Bc4 Nxe3 10. fxe3 c6 11. O-O d5 12. Bd3 O-O 13. Rae1 f5 14. a3
Bd6 15. Qc2 g6 16. Qf2 Nd7 17. Qh4 Nf6 18. Bb1 Bd7 19. Ba2 Rae8 20. Ng5 Ne4 21.
Ncxe4 fxe4 22. Rxf8+ Rxf8 23. Qh6 Rf5 24. h4 Bg3 25. Re2 Bxh4 26. Qxh4 Qxg5 27.
Qxe4 Rf7 28. Qc2 Bg4 29. Re1 Bf5 30. Qd2 Be4 31. Bb1 Bxb1 32. Rxb1 Qf5 33. Re1
h5 34. Qe2 Kg7 35. Qd2 h4 36. Qe2 h3 37. gxh3 Qxh3 38. Qg2 Qh5 39. e4 Rf4 40.
Re3 Qd1+ 41. Kh2 Qxd4 42. Qg3 Qxb2+ 43. Kh3 Qf6 44. e5 Qf5+ 0-1

[Event "Principal 2017/2018"]
[Site "Vitrolles"]
[Date "2018.03.24"]
[Round "8"]
[White "Baroyan, Davit"]
[Black "Girard, JeanPierre"]
[Result "1-0"]
[WhiteElo "2024"]
[BlackElo "1801"]
[PlyCount "93"]

1. e4 c5 2. Nf3 Nc6 3. d4 cxd4 4. Nxd4 d6 5. c4 Nf6 6. Nc3 e6 7. Nxc6 bxc6 8.
e5 dxe5 9. Qxd8+ Kxd8 10. Bg5 Be7 11. Be2 Rb8 12. Bf3 Kc7 13. O-O-O Ba6 14. b3
Ba3+ 15. Kc2 Rhd8 16. Rxd8 Rxd8 17. Re1 Bd6 18. Ne4 Be7 19. Bh5 Bb4 20. Bxf6
gxf6 21. Rd1 Be7 22. Bxf7 Rxd1 23. Kxd1 f5 24. Ng3 Bc8 25. f3 Kd6 26. Ne2 Kc5
27. Kc2 Bg5 28. g4 fxg4 29. fxg4 e4 30. Bg8 h6 31. Bh7 e5 32. h3 e3 33. a3 Be6
34. Kd3 a5 35. Ng3 Kd6 36. Ne4+ Ke7 37. Nxg5 hxg5 38. Kxe3 Kd6 39. Kd3 Kc5 40.
Kc3 Kd6 41. b4 axb4+ 42. Kxb4 c5+ 43. Kb3 Bd7 44. Be4 Bc6 45. Bxc6 Kxc6 46. Kc3
e4 47. Kd2 1-0

[Event "Principal 2017/2018"]
[Site "Vitrolles"]
[Date "2017.04.07"]
[Round "9"]
[White "Mamah, Isabelle"]
[Black "Anton, Jose"]
[Result "0-1"]
[WhiteElo "1878"]
[BlackElo "1862"]
[PlyCount "184"]

1. e4 c5 2. c3 Nf6 3. e5 Nd5 4. Nf3 e6 5. Bc4 b6 6. O-O Bb7 7. d4 cxd4 8. Nxd4
Be7 9. Nf3 O-O 10. Bb3 d6 11. exd6 Bxd6 12. Nbd2 Nd7 13. Ne4 Be7 14. Bc2 N7f6
15. Qe2 Qc7 16. Re1 Rfd8 17. g3 Rac8 18. Nd4 Nxe4 19. Bxe4 Nf6 20. Bf4 Qd7 21.
Bxb7 Qxb7 22. Rad1 Nd5 23. Qg4 Nxf4 24. Qxf4 Bc5 25. Nf3 Rd5 26. Rxd5 Qxd5 27.
Ne5 Rf8 28. c4 Qd4 29. Qxd4 Bxd4 30. b3 Rd8 31. Kf1 Bc5 32. Ke2 f6 33. Nd3 Ba3
34. Nf4 Kf7 35. Rd1 Rxd1 36. Kxd1 g5 37. Nd3 Bd6 38. h3 h5 39. Ke2 Kg6 40. g4
f5 41. f3 a5 42. Ke3 hxg4 43. hxg4 Bc5+ 44. Kd2 Kf6 45. Ke2 e5 46. Ne1 e4 47.
Ng2 exf3+ 48. Kxf3 Ke5 49. gxf5 Kxf5 50. Ne1 g4+ 51. Kg3 Bd6+ 52. Kg2 Ke4 53.
Kf2 Kd4 54. Ke2 Kc3 55. Ke3 Kb2 56. Kd3 g3 57. Ng2 Bc5 58. Nf4 Kxa2 59. Kc2 Ka3
60. Kc3 a4 61. bxa4 Kxa4 62. Ng2 Bf2 63. Nf4 Be1+ 64. Kd3 Kb4 65. Ng2 Bf2 66.
Nf4 Kc5 67. Ng2 Kd6 68. Ke4 Ke6 69. Kf4 Kf6 70. Nh4 Ke6 71. Ke4 Kd6 72. Ng2 Kc5
73. Kd3 Kb4 74. Nf4 Kb3 75. Ng2 Kb2 76. Kd2 Bc5 77. Nf4 Bb4+ 78. Kd3 Bd6 79.
Ng2 Kc1 80. Ne3 Bc5 81. Ng2 Kd1 82. Ke4 Ke2 83. Nf4+ Kf2 84. Nh3+ Kf1 85. Kf3
g2 86. Ke4 g1=Q 87. Nxg1 Bxg1 88. Kd3 Bc5 89. Kc2 Ke2 90. Kc3 Ke3 91. Kc2 Kd4
92. Kb3 Kd3 0-1

[Event "Principal 2017/2018"]
[Site "Vitrolles"]
[Date "2018.04.07"]
[Round "9"]
[White "Derige Kane, Yan"]
[Black "Baroyan, Davit"]
[Result "1-0"]
[WhiteElo "2146"]
[BlackElo "2051"]
[PlyCount "55"]

1. d4 Nf6 2. c4 e6 3. Nc3 d5 4. cxd5 Nxd5 5. e4 Nxc3 6. bxc3 c5 7. Nf3 Be7 8.
Bd3 O-O 9. O-O b6 10. d5 exd5 11. exd5 Bf6 12. Qc2 h6 13. Rb1 Bg4 14. Bh7+ Kh8
15. Be4 c4 16. Ba3 Re8 17. d6 Nd7 18. Bxa8 Qxa8 19. Rbe1 Rxe1 20. Rxe1 Bxf3 21.
gxf3 Ne5 22. Qe4 Nxf3+ 23. Kh1 Qxe4 24. Rxe4 Ne5 25. f4 Nc6 26. d7 Kh7 27. Be7
Bxe7 28. Rxe7 1-0

[Event "Principal 2017/2018"]
[Site "Vitrolles"]
[Date "2017.04.07"]
[Round "9"]
[White "Muhajiz, Gibran"]
[Black "Auroux, William"]
[Result "0-1"]
[WhiteElo "1968"]
[BlackElo "1933"]
[PlyCount "64"]

1. d4 Nf6 2. c4 g6 3. Nc3 Bg7 4. e4 d6 5. f4 O-O 6. Nf3 c5 7. d5 e6 8. e5 dxe5
9. fxe5 Ng4 10. Bg5 Qa5 11. Be2 exd5 12. O-O d4 13. Nd5 Nxe5 14. b4 Nxf3+ 15.
Bxf3 cxb4 16. Ne7+ Kh8 17. Nxc8 Nc6 18. Bd5 Raxc8 19. Qf3 Ne5 20. Qe4 Nxc4 21.
Bf6 Qb6 22. Bxg7+ Kxg7 23. Rac1 Rce8 24. Rxf7+ Rxf7 25. Qxe8 d3+ 26. Kh1 Nd6
27. Qe5+ Rf6 28. g4 d2 29. Rf1 Nf7 30. Qa1 Qd6 31. Bxb7 Ne5 32. Rd1 Nxg4 0-1

[Event "Principal 2017/2018"]
[Site "Vitrolles"]
[Date "2018.04.07"]
[Round "9"]
[White "Bohli, Adam"]
[Black "Busson, Benoist"]
[Result "0-1"]
[WhiteElo "1933"]
[BlackElo "1896"]
[PlyCount "45"]

1. c3 e5 2. c4 Nc6 3. Nc3 f5 4. e3 Nf6 5. d4 Bb4 6. d5 Ne7 7. Nf3 Bxc3+ 8. bxc3
d6 9. h4 O-O 10. a4 a5 11. Qc2 Qe8 12. Be2 b6 13. Ba3 Bd7 14. Bb2 Ng6 15. h5
Nh8 16. h6 g6 17. Ng5 Nf7 18. Nxf7 Rxf7 19. f3 Nh5 20. Bd3 e4 21. fxe4 fxe4 22.
Bxe4 Ng3 23. Rh4 0-1

[Event "Principal 2017/2018"]
[Site "Vitrolles"]
[Date "2018.04.07"]
[Round "9"]
[White "Girard, Jean-Pierre"]
[Black "Mars, Theo"]
[Result "1-0"]
[WhiteElo "1762"]
[BlackElo "1707"]
[PlyCount "73"]

1. e4 c6 2. d4 d5 3. Nc3 dxe4 4. Nxe4 Bf5 5. Ng3 Bg6 6. h4 h6 7. Nf3 Nd7 8. h5
Bh7 9. Bd3 Bxd3 10. Qxd3 e6 11. Bd2 Ngf6 12. O-O-O Be7 13. Rhe1 O-O 14. Kb1 Qb6
15. Ne4 Rfd8 16. Qe2 a5 17. g4 Nxe4 18. Qxe4 Nf6 19. Qe2 Nh7 20. Rg1 Bf6 21. c3
c5 22. g5 hxg5 23. Nxg5 cxd4 24. Ne4 dxc3 25. Nxf6+ Nxf6 26. Bxc3 Qc5 27. h6 g6
28. Rxg6+ fxg6 29. Qxe6+ Kh7 30. Qf7+ Kxh6 31. Rh1+ Nh5 32. Bg7+ Kg5 33. f4+
Kg4 34. Qxg6+ Kf3 35. Rf1+ Ke2 36. Qg2+ Kd3 37. Qf3+ 1-0